[Event "Serbia op-A"]
[Site "Belgrade"]
[Date "2025.07.22"]
[Round "8"]
[White "Itgelt, Khuyagtsogt"]
[Black "Unat, Can Haktan"]
[Result "1-0"]
[WhiteElo "2425"]
[BlackElo "2273"]
[PlyCount "135"]
[EventDate "2025.07.14"]
[EventType "swiss"]
[EventRounds "9"]
[EventCountry "SRB"]
[SourceTitle "CB30_2025"]
[SourceDate "2025.07.23"]
[SourceVersion "1"]
[SourceVersionDate "2025.07.23"]
[SourceQuality "1"]

1. Nf3 d5 2. g3 Nc6 3. d4 Nf6 4. Bg2 e6 5. 0-0 Bd6 6. Bg5 h6 7. Bxf6 Qxf6 8. Nc3 Bb4 9. e4 Bxc3 10. bxc3 dxe4 11. Nd2 0-0 12. Nxe4 Qg6 13. Nc5 e5 14. Rb1 exd4 15. cxd4 Bg4 16. Qd2 b6 17. Na6 Rad8 18. d5 Ne5 19. Qc3 Be2 20. Rfe1 Bxa6 21. Rxe5 Qd6 22. Re4 Bc8 23. Rc4 Bb7 24. Rxc7 Bxd5 25. Bxd5 Qxd5 26. Rxa7 Rc8 27. Rc7 Qxa2 28. Rxb6 Rcd8 29. Kg2 Rd1 30. Qc5 Qa8+ 31. Rbb7 Qa4 32. Qb4 Qe8 33. Qc4 Re1 34. h4 Re4 35. Qc6 Qe5 36. Rb5 Qe6 37. Qxe6 Rxe6 38. Rf5 g6 39. Rf4 Kg7 40. g4 Re5 41. Rf3 Re4 42. Kg3 Re1 43. Rf4 Rg1+ 44. Kf3 Rh1 45. g5 hxg5 46. hxg5 Rg1 47. Rg4 Re1 48. Rb4 Rg1 49. Kf4 Rg2 50. f3 Rd2 51. c3 Rd5 52. Kg4 Rd1 53. Rb6 Rg1+ 54. Kf4 Ra8 55. Rf6 Rf8 56. c4 Re1 57. c5 Re2 58. c6 Re1 59. Rd7 Rc1 60. c7 Rc5 61. Ke4 Rc1 62. Kd5 Rc2 63. Kd6 Rc3 64. f4 Rc4 65. Rd8 Rd4+ 66. Ke7 Re4+ 67. Kd7 Rd4+ 68. Rd6 1-0

[Event "Serbia op-A"]
[Site "Belgrade"]
[Date "2025.07.21"]
[Round "7"]
[White "Gkavardinas, Antonios"]
[Black "Itgelt, Khuyagtsogt"]
[Result "0-1"]
[WhiteElo "2278"]
[BlackElo "2425"]
[PlyCount "84"]
[EventDate "2025.07.14"]
[EventType "swiss"]
[EventRounds "9"]
[EventCountry "SRB"]
[SourceTitle "CB30_2025"]
[SourceDate "2025.07.23"]
[SourceVersion "1"]
[SourceVersionDate "2025.07.23"]
[SourceQuality "1"]

1. e4 e5 2. Nf3 Nc6 3. Bc4 Nf6 4. d3 h6 5. 0-0 d6 6. c3 g5 7. Nbd2 Bg7 8. a4 0-0 9. b4 d5 10. exd5 Nxd5 11. Ne4 g4 12. Nfd2 f5 13. Qc2 Kh7 14. Ng3 Nce7 15. Nb3 Qe8 16. d4 e4 17. Ne2 Nb6 18. Na5 Nxc4 19. Nxc4 Be6 20. Ne3 f4 21. d5 Bd7 22. Nc4 Nxd5 23. Rd1 Nxb4 24. cxb4 Bxa1 25. b5 f3 26. Ng3 Bg7 27. Ba3 Rf7 28. Re1 Bf5 29. Nxf5 Rxf5 30. Rxe4 Qg6 31. Ne3 Re5 32. Rxg4 Qxc2 33. Nxc2 Rg5 34. gxf3 Rd8 35. Bb4 Rd1+ 36. Kg2 Rb1 37. Be7 Rxg4+ 38. fxg4 Rb2 39. Ne3 Bd4 40. Kf3 Bxe3 41. Kxe3 Ra2 42. f4 Rxh2 0-1

[Event "Serbia op-A"]
[Site "Belgrade"]
[Date "2025.07.14"]
[Round "5"]
[White "Arjun, Satheesh"]
[Black "Itgelt, Khuyagtsogt"]
[Result "0-1"]
[WhiteElo "2017"]
[BlackElo "2425"]
[PlyCount "172"]
[EventDate "2025.07.14"]
[EventType "swiss"]
[EventRounds "9"]
[EventCountry "SRB"]
[SourceTitle "CB30_2025"]
[SourceDate "2025.07.23"]
[SourceVersion "1"]
[SourceVersionDate "2025.07.23"]
[SourceQuality "1"]

1. d4 d5 2. Nf3 Nf6 3. c4 c6 4. e3 Bf5 5. Nc3 e6 6. Qb3 Qc7 7. Nh4 Bg6 8. Nxg6 hxg6 9. Bd2 Nbd7 10. g3 Be7 11. Bg2 Nb6 12. cxd5 exd5 13. Na4 Nc4 14. Bb4 b5 15. Nc3 Bxb4 16. Qxb4 a5 17. Qb3 Qe7 18. Qc2 Qb4 19. Rb1 0-0 20. 0-0 a4 21. Rfd1 Rfe8 22. e4 dxe4 23. Nxe4 Nd5 24. Nc3 Rad8 25. Nxd5 cxd5 26. Qc3 Qxc3 27. bxc3 Na3 28. Rb2 Re7 29. Bf3 Kf8 30. Kf1 Rb7 31. Re1 Rc7 32. Rc1 f6 33. Ke2 Ke7 34. Kd3 Kd6 35. h4 Re8 36. Bg4 Rc4 37. Bf3 Rb8 38. Rb4 Rbc8 39. Kd2 g5 40. hxg5 fxg5 41. Be2 Rxb4 42. cxb4 Nc4+ 43. Ke1 Re8 44. Rd1 Re4 45. f3 Re8 46. Kf2 Rh8 47. Rg1 Ra8 48. Rc1 Re8 49. Kf1 Rh8 50. Kg1 Rh3 51. Kg2 Rh6 52. Kg1 Rf6 53. Kg2 Rh6 54. Kg1 Rh8 55. Rc3 Ra8 56. Kf2 Ke6 57. Rc1 Kf6 58. Rc3 Re8 59. Rc1 Re6 60. Rc3 Ke7 61. Rc1 Kd6 62. Rc3 Re8 63. Rc1 g4 64. fxg4 Re4 65. Rd1 Ne3 66. Rd2 Nc4 67. Rd1 g5 68. Rd3 a3 69. Rd1 Ne3 70. Rd2 Nxg4+ 71. Bxg4 Rxg4 72. Kf3 Re4 73. Kf2 Ke6 74. Rd1 Kf5 75. Kf3 g4+ 76. Kf2 Re8 77. Rd3 Rc8 78. Rxa3 Ke4 79. Ra5 Rc2+ 80. Kg1 Kxd4 81. Rxb5 Rxa2 82. Rb8 Ke3 83. b5 Kf3 84. Rd8 Kxg3 85. Kf1 Kf3 86. Kg1 Ra1+ 0-1

[Event "Serbia op-A"]
[Site "Belgrade"]
[Date "2025.07.14"]
[Round "1"]
[White "Enkhrii, Enkh Amgalan"]
[Black "Itgelt, Khuyagtsogt"]
[Result "1/2-1/2"]
[WhiteElo "2141"]
[BlackElo "2425"]
[PlyCount "276"]
[EventDate "2025.07.14"]
[EventType "swiss"]
[EventRounds "9"]
[EventCountry "SRB"]
[SourceTitle "CB30_2025"]
[SourceDate "2025.07.23"]
[SourceVersion "1"]
[SourceVersionDate "2025.07.23"]
[SourceQuality "1"]

1. d4 d5 2. c4 dxc4 3. e3 e5 4. Nf3 exd4 5. Nxd4 c5 6. Nb5 a6 7. Qxd8+ Kxd8 8. N5c3 Be6 9. Nd2 Nd7 10. Bxc4 Bxc4 11. Nxc4 b5 12. Nd2 Ngf6 13. Ke2 c4 14. Rd1 Bb4 15. Nde4 Ke7 16. g4 Rhd8 17. Bd2 Bxc3 18. Nxc3 h6 19. h4 Nc5 20. g5 hxg5 21. hxg5 Nfe4 22. Nxe4 Nxe4 23. Ba5 Rd3 24. g6 fxg6 25. Rg1 Kf7 26. Rg4 Re8 27. Rf4+ Nf6 28. Bc3 g5 29. Rf5 Rd5 30. Rf3 Kg6 31. a4 g4 32. Rg1 Re4 33. axb5 axb5 34. Rfg3 Rd3 35. Bd2 Kf7 36. f3 Re8 37. Rf1 Kg8 38. Rfg1 b4 39. Rxg4 Nxg4 40. Rxg4 Rb3 41. Rxc4 Rb8 42. Bc1 Rd8 43. Rc2 Rbd3 44. e4 b3 45. Rc7 Rd1 46. Bf4 R1d7 47. Rc3 Rb7 48. Rc5 Rdd7 49. Be5 Kf7 50. f4 Rb6 51. Bc3 Rh6 52. f5 g6 53. fxg6+ Kxg6 54. Rb5 Rh2+ 55. Ke3 Rh3+ 56. Ke2 Re7 57. Rb6+ Kh5 58. e5 Kg5 59. Rxb3 Rxe5+ 60. Kd2 Rd5+ 61. Kc2 Rh2+ 62. Kb1 Kf4 63. Ka2 Ke4 64. Rb7 Kd3 65. Kb3 Rhh5 66. Rg7 Rb5+ 67. Ka2 Rh2 68. Rd7+ Kc2 69. Rc7 Kd1 70. Kb1 Ke2 71. Rd7 Ke3 72. Ka2 Rhh5 73. b4 Rbd5 74. Re7+ Kd3 75. Kb3 Rh1 76. Rg7 Rb1+ 77. Bb2 Rf5 78. Rd7+ Ke4 79. Kc2 Rh1 80. Rd4+ Ke3 81. Rd3+ Kf4 82. Rd4+ Kg5 83. Bc3 Kg6 84. Rd6+ Kf7 85. Bd4 Rf3 86. Bc3 Rh4 87. Kb3 Ke7 88. Rc6 Kd7 89. Rc5 Rhh3 90. Rc4 Rh5 91. Ka4 Rhf5 92. Kb3 R3f4 93. Rd4+ Kc6 94. Rd8 Rf3 95. Kc4 R5f4+ 96. Bd4 Rf1 97. b5+ Kc7 98. Rd5 Rd1 99. Kc3 Rff1 100. Kb4 Kb7 101. Rd7+ Kc8 102. Rd5 Rf4 103. Kc5 Rf7 104. b6 Kb7 105. Rh5 Rd7 106. Rh4 Rc1+ 107. Kb4 Ka6 108. Be3 Re1 109. Bd4 Rc1 110. Be3 Rc8 111. Rh2 Kb7 112. Bc5 Rg7 113. Rh5 Rd8 114. Kb5 Rdd7 115. Re5 Rg2 116. Rf5 Rb2+ 117. Bb4 Rh7 118. Rg5 Rb1 119. Rf5 Rbh1 120. Bc5 R1h5 121. Rf3 Rg5 122. Re3 Rg2 123. Re5 Rb2+ 124. Bb4 Ra2 125. Rf5 Rg2 126. Bc5 Rg3 127. Re5 Rf7 128. Rh5 Rb3+ 129. Bb4 Rbf3 130. Bc5 R3f5 131. Rh3 Rd7 132. Re3 Rh5 133. Rg3 Rh1 134. Rg5 Rf7 135. Re5 Rg7 136. Rf5 Rb1+ 137. Bb4 Rxb4+ 138. Kxb4 Kxb6 1/2-1/2

[Event "WchT Blitz Pool A"]
[Site "London"]
[Date "2025.06.14"]
[Round "8.3"]
[White "Mesropov, Konstantin Eduard"]
[Black "Itgelt, Khuyagtsogt"]
[Result "0-1"]
[WhiteElo "2458"]
[BlackElo "2425"]
[PlyCount "130"]
[EventDate "2025.06.14"]
[EventType "team-tourn"]
[EventRounds "13"]
[EventCountry "ENG"]
[SourceTitle "CB25_2025"]
[SourceDate "2025.06.18"]
[SourceVersion "1"]
[SourceVersionDate "2025.06.18"]
[SourceQuality "1"]
[WhiteTeam "Global Ramblers"]
[BlackTeam "The MongolZ"]
[WhiteTeamCountry "UKR"]
[BlackTeamCountry "MGL"]

1. d4 Nf6 2. Bf4 g6 3. e3 Bg7 4. h3 0-0 5. Nf3 c5 6. c3 d6 7. Nbd2 Nc6 8. Be2 cxd4 9. exd4 Nd5 10. Bh2 e5 11. dxe5 dxe5 12. 0-0 Nf4 13. Bxf4 exf4 14. Re1 Qc7 15. Qa4 Bd7 16. Qa3 Rfe8 17. Bc4 h6 18. Bd5 Bf5 19. Qc5 Rxe1+ 20. Rxe1 Rd8 21. Nb3 Qd7 22. Rd1 Kh7 23. Rd2 Bf8 24. Qb5 a6 25. Qb6 Re8 26. Kh2 Qc8 27. Bxf7 Re7 28. Bd5 g5 29. Nbd4 Nxd4 30. Nxd4 Bg6 31. Be6 Qb8 32. f3 Qe5 33. Re2 Qf6 34. Bg8+ Kg7 35. Qxf6+ Kxf6 36. Rxe7 Bxe7 37. Bd5 b6 38. Kg1 Bc5 39. Kf2 Bd3 40. b4 Bd6 41. Be4 Bc4 42. a3 Be5 43. Bb7 a5 44. bxa5 bxa5 45. Bc6 h5 46. Ba4 h4 47. Bd1 Bd6 48. a4 Bc5 49. Be2 Bb3 50. Bb5 Ke5 51. Ke2 Bxd4 52. cxd4+ Kxd4 53. Kd2 Bc4 54. Bd7 Bf1 55. Ke1 Ba6 56. Kd2 Bc4 57. Bf5 Kc5 58. Kc3 Bf1 59. Be6 Bxg2 60. Bg4 Bf1 61. Bf5 Bc4 62. Bd7 Bd5 63. Bg4 Bc6 64. Kb3 Kd4 65. Bh5 Bd7 0-1

[Event "WchT Blitz Pool A"]
[Site "London"]
[Date "2025.06.14"]
[Round "12.3"]
[White "Muetsch, Annmarie"]
[Black "Itgelt, Khuyagtsogt"]
[Result "0-1"]
[WhiteElo "2271"]
[BlackElo "2425"]
[PlyCount "86"]
[EventDate "2025.06.14"]
[EventType "team-tourn"]
[EventRounds "13"]
[EventCountry "ENG"]
[SourceTitle "CB25_2025"]
[SourceDate "2025.06.18"]
[SourceVersion "1"]
[SourceVersionDate "2025.06.18"]
[SourceQuality "1"]
[WhiteTeam "Allez-Y Initiative!"]
[BlackTeam "The MongolZ"]
[WhiteTeamCountry "DEN"]
[BlackTeamCountry "MGL"]

1. e4 e6 2. d4 d5 3. Nd2 c5 4. exd5 exd5 5. Ngf3 Nc6 6. Bb5 Qe7+ 7. Be2 Qc7 8. 0-0 Nf6 9. Re1 Be6 10. h3 h6 11. dxc5 Bxc5 12. Nb3 Bb6 13. Nbd4 0-0 14. c3 a6 15. Be3 Bd7 16. Bd3 Rfe8 17. Nd2 Rad8 18. Nxc6 bxc6 19. Qf3 Bxe3 20. Rxe3 Qb6 21. Rxe8+ Rxe8 22. b3 a5 23. Rd1 Qc5 24. Nf1 Ne4 25. Bxe4 Rxe4 26. c4 Re8 27. cxd5 Re5 28. Ne3 cxd5 29. Rxd5 Rxd5 30. Qxd5 Qc1+ 31. Kh2 Qc7+ 32. g3 Be6 33. Qd2 h5 34. Ng2 g6 35. Nf4 Bf5 36. a3 Qc5 37. b4 axb4 38. axb4 Qc6 39. Qe3 Qb7 40. Qd4 Qf3 41. h4 Be4 42. Qa1 Qxf2+ 43. Kh3 Bf5+ 0-1

[Event "WchT Rapid"]
[Site "London"]
[Date "2025.06.13"]
[Round "11.3"]
[White "Royal, Shreyas"]
[Black "Itgelt, Khuyagtsogt"]
[Result "0-1"]
[WhiteElo "2372"]
[BlackElo "2216"]
[PlyCount "66"]
[EventDate "2025.06.11"]
[EventType "team-swiss"]
[EventRounds "12"]
[EventCountry "ENG"]
[SourceTitle "CB25_2025"]
[SourceDate "2025.06.18"]
[SourceVersion "1"]
[SourceVersionDate "2025.06.18"]
[SourceQuality "1"]
[WhiteTeam "Rookies"]
[BlackTeam "The MongolZ"]
[WhiteTeamCountry "KAZ"]
[BlackTeamCountry "MGL"]

1. Nf3 Nf6 2. c4 g6 3. Nc3 Bg7 4. e4 e5 5. Nxe5 0-0 6. Nf3 Re8 7. d3 d5 8. cxd5 Nxd5 9. Bd2 Nb4 10. Be3 Bg4 11. Be2 Bxf3 12. gxf3 N8c6 13. a3 Na6 14. Nb5 Nd4 15. Nxd4 Bxd4 16. h4 Qf6 17. Rc1 Bxb2 18. d4 Rad8 19. e5 Qb6 20. Rb1 Qa5+ 21. Kf1 Bxd4 22. Bxd4 c5 23. Rxb7 Rxd4 24. Qb3 c4 25. Bxc4 Nc5 26. Bxf7+ Kf8 27. Qe3 Nxb7 28. Bxe8 Rd1+ 29. Kg2 Rxh1 30. Bc6 Rxh4 31. Qg5 Qd8 32. Qe3 Qc8 33. Qg5 Qh3+ 0-1

[Event "WchT Rapid"]
[Site "London"]
[Date "2025.06.12"]
[Round "8.3"]
[White "Czopor, Maciej"]
[Black "Itgelt, Khuyagtsogt"]
[Result "1/2-1/2"]
[WhiteElo "2382"]
[BlackElo "2216"]
[PlyCount "93"]
[EventDate "2025.06.11"]
[EventType "team-swiss"]
[EventRounds "12"]
[EventCountry "ENG"]
[SourceTitle "CB25_2025"]
[SourceDate "2025.06.18"]
[SourceVersion "1"]
[SourceVersionDate "2025.06.18"]
[SourceQuality "1"]
[WhiteTeam "Wood Green"]
[BlackTeam "The MongolZ"]
[WhiteTeamCountry "ENG"]
[BlackTeamCountry "MGL"]

1. c4 c6 2. Nf3 d5 3. e3 e6 4. b3 f5 5. Bb2 Nf6 6. g3 Bd6 7. Bg2 0-0 8. 0-0 Nbd7 9. Nc3 Qe7 10. Qc2 a6 11. d3 e5 12. cxd5 cxd5 13. e4 fxe4 14. dxe4 d4 15. Nd5 Nxd5 16. exd5 Nc5 17. Rfe1 Bf5 18. Qd2 Nd3 19. Nxd4 Nxe1 20. Nxf5 Rxf5 21. Rxe1 Raf8 22. Re2 Bc5 23. d6 Qxd6 24. Qxd6 Bxd6 25. Bd5+ Kh8 26. Kg2 b6 27. f3 Rd8 28. Be4 Rff8 29. h4 Bb4 30. Bxe5 Rd2 31. Rxd2 Bxd2 32. h5 h6 33. a4 Bb4 34. Bd3 a5 35. Bc4 Be7 36. Bd4 Bc5 37. Bc3 Rd8 38. f4 Bd4 39. Be1 Kh7 40. Kf3 Bc5 41. g4 g6 42. hxg6+ Kxg6 43. Bh4 Rf8 44. f5+ Kg7 45. f6+ Rxf6+ 46. Bxf6+ Kxf6 47. Bd5 1/2-1/2

[Event "WchT Rapid"]
[Site "London"]
[Date "2025.06.11"]
[Round "4.3"]
[White "Itgelt, Khuyagtsogt"]
[Black "Verbytski, Oleg"]
[Result "0-1"]
[WhiteElo "2216"]
[BlackElo "2090"]
[PlyCount "88"]
[EventDate "2025.06.11"]
[EventType "team-swiss"]
[EventRounds "12"]
[EventCountry "ENG"]
[SourceTitle "CB25_2025"]
[SourceDate "2025.06.18"]
[SourceVersion "1"]
[SourceVersionDate "2025.06.18"]
[SourceQuality "1"]
[WhiteTeam "The MongolZ"]
[BlackTeam "Chess Trust Accelerators"]
[WhiteTeamCountry "MGL"]
[BlackTeamCountry "ENG"]

1. d4 d5 2. c4 e6 3. Nf3 Nf6 4. Nc3 Be7 5. Bg5 0-0 6. e3 h6 7. Bh4 c6 8. Bd3 Re8 9. 0-0 dxc4 10. Bxc4 b5 11. Bd3 a6 12. e4 Nbd7 13. e5 Nd5 14. Bxe7 Qxe7 15. Ne4 c5 16. Nd6 Rd8 17. Qe2 cxd4 18. Qe4 g6 19. Kh1 Qf8 20. Nxc8 Raxc8 21. Qxd4 Nc5 22. Be2 Ne7 23. Qf4 Rd5 24. h4 Qg7 25. Rac1 Rcd8 26. Rc3 Nd7 27. Rc7 Nf5 28. g4 Nxh4 29. Nxh4 g5 30. Qb4 gxh4 31. f4 Nf8 32. Qe4 Ng6 33. Qe3 Rd2 34. Rc8 Qf8 35. Rxd8 Qxd8 36. f5 Nf8 37. f6 Rxe2 38. Qxe2 Qd5+ 39. Kh2 Ng6 40. Rd1 Qc6 41. Qe3 Kh7 42. Rc1 Qd5 43. Rc7 Nxe5 44. Rc5 Nxg4+ 0-1

[Event "Eastern Asia zt 3.3"]
[Site "Ulaanbaatar"]
[Date "2025.04.25"]
[Round "3"]
[White "Itgelt, Khuyagtsogt"]
[Black "Amartuvshin, Ganzorig"]
[Result "1/2-1/2"]
[WhiteElo "2416"]
[BlackElo "2429"]
[PlyCount "79"]
[EventDate "2025.04.23"]
[EventType "swiss"]
[EventRounds "9"]
[EventCountry "MGL"]
[SourceTitle "CB20_2025"]
[SourceDate "2025.05.14"]
[SourceVersion "1"]
[SourceVersionDate "2025.05.14"]
[SourceQuality "1"]

1. Nf3 Nf6 2. c4 c5 3. g3 Nc6 4. Bg2 e5 5. Nc3 Be7 6. d3 h6 7. 0-0 0-0 8. Ne1 d6 9. Nc2 Nd4 10. Ne3 Rb8 11. h3 b5 12. Ned5 Nxd5 13. Nxd5 Ne6 14. cxb5 Rxb5 15. Qa4 a6 16. Qc4 Nc7 17. Nxe7+ Qxe7 18. b3 Bb7 19. Bxb7 Rxb7 20. Bd2 d5 21. Qa4 Qd6 22. Rac1 Ne6 23. f4 Nd4 24. Rf2 Re7 25. e3 Nb5 26. fxe5 Rxe5 27. Qf4 g5 28. Qf6 Re6 29. Qf3 f5 30. a4 Nc7 31. b4 cxb4 32. Bxb4 Qxb4 33. Rxc7 Qb1+ 34. Kg2 Qxd3 35. Rd7 Rxe3 36. Qxd5+ Qxd5+ 37. Rxd5 f4 38. gxf4 gxf4 39. Rd6 a5 40. Rd5 1/2-1/2

[Event "Senta Fantastico GM 02"]
[Site "Senta"]
[Date "2025.02.19"]
[Round "6"]
[White "Itgelt, Khuyagtsogt"]
[Black "Jake, Shanty"]
[Result "1/2-1/2"]
[WhiteElo "2416"]
[BlackElo "2307"]
[PlyCount "80"]
[EventDate "2025.02.16"]
[EventType "tourn"]
[EventRounds "9"]
[EventCountry "SRB"]
[EventCategory "6"]
[SourceTitle "CB09_2025"]
[SourceDate "2025.02.27"]
[SourceVersion "1"]
[SourceVersionDate "2025.02.27"]
[SourceQuality "1"]

1. Nf3 c5 2. e3 Nf6 3. c4 Nc6 4. d4 cxd4 5. exd4 d5 6. h3 e6 7. Nc3 dxc4 8. Bxc4 Be7 9. 0-0 0-0 10. a3 b6 11. Ba2 Bb7 12. Qd3 Rc8 13. Bf4 Bd6 14. Bg5 h6 15. Bh4 Ne7 16. Bxf6 gxf6 17. Nh4 f5 18. Rad1 Nd5 19. Bxd5 Bxd5 20. Nxd5 Qxh4 21. Nc3 Rfd8 22. Qf3 Qf4 23. Qxf4 Bxf4 24. Rfe1 Kg7 25. g3 Bg5 26. d5 Bf6 27. dxe6 Rxd1 28. Rxd1 Bxc3 29. bxc3 fxe6 30. Rd7+ Kf6 31. Rxa7 Rxc3 32. Kg2 b5 33. Ra5 Rb3 34. a4 bxa4 35. Rxa4 Rb6 36. g4 Rb5 37. Kg3 fxg4 38. hxg4 h5 39. gxh5 Rxh5 40. Rf4+ Rf5 1/2-1/2

[Event "Senta Fantastico GM 02"]
[Site "Senta"]
[Date "2025.02.18"]
[Round "5"]
[White "Bryakin, Mikhail"]
[Black "Itgelt, Khuyagtsogt"]
[Result "1/2-1/2"]
[WhiteElo "2427"]
[BlackElo "2416"]
[PlyCount "301"]
[EventDate "2025.02.16"]
[EventType "tourn"]
[EventRounds "9"]
[EventCountry "SRB"]
[EventCategory "6"]
[SourceTitle "CB09_2025"]
[SourceDate "2025.02.27"]
[SourceVersion "1"]
[SourceVersionDate "2025.02.27"]
[SourceQuality "1"]

1. d4 d5 2. c4 c6 3. Nf3 Nf6 4. Qb3 dxc4 5. Qxc4 Bf5 6. g3 e6 7. Bg2 Be7 8. 0-0 0-0 9. Qb3 Qb6 10. Nbd2 Nbd7 11. Nc4 Qa6 12. Bf4 Ne4 13. Rfd1 Nb6 14. Nfe5 Nd5 15. f3 Nd6 16. Nxd6 Bxd6 17. e4 Nxf4 18. gxf4 Bg6 19. Bf1 Qa5 20. Qxb7 Bxe5 21. fxe5 Rab8 22. Qa6 Qxa6 23. Bxa6 Rxb2 24. Rdb1 Rd2 25. Rd1 Rb2 26. Bc4 Bh5 27. Rd3 Kh8 28. Rc1 g5 29. Bb3 f6 30. exf6 Rxf6 31. Rf1 Bg6 32. Re3 Bf7 33. Rf2 Rxf2 34. Kxf2 g4 35. e5 Rxf3+ 36. Rxf3 gxf3 37. Kxf3 Kg7 38. Kf4 h6 39. Ke3 Kf8 40. Ba4 Be8 41. Kd3 Ke7 42. Kc4 Kd8 43. Kc5 Kc7 44. Bd1 Bd7 45. Bf3 Be8 46. Bg4 Bd7 47. Bh5 Bc8 48. Be8 Bd7 49. Bg6 Bc8 50. a4 Bd7 51. Bh5 Bc8 52. Bf7 Bd7 53. Kb4 Kb6 54. a5+ Kc7 55. Bh5 Bc8 56. Be2 Bd7 57. Bc4 Bc8 58. Kc3 Bd7 59. Be2 Be8 60. Bg4 Bd7 61. Kd3 Kd8 62. Bh5 Be8 63. Bf3 Bd7 64. Ke4 Be8 65. Kf4 Ke7 66. Be4 Kf8 67. Bd3 Ke7 68. Bf1 Kf8 69. Ba6 Bd7 70. Bb7 Ke7 71. Kg3 Be8 72. Bc8 Bf7 73. Ba6 Be8 74. Kg4 Bf7 75. Kh4 Be8 76. Bc4 Kf7 77. Bb3 Ke7 78. Bd1 Kf8 79. Bg4 Bf7 80. Be2 Be8 81. Kg4 Ke7 82. Bf3 Kf7 83. Kf4 Kf8 84. Bd1 Ke7 85. Ba4 Bd7 86. Kg4 Be8 87. Kh4 Kf8 88. h3 Ke7 89. Bd1 Kf8 90. Bg4 Ke7 91. Bh5 Bf7 92. Be2 Be8 93. Ba6 Bf7 94. Kg4 Bg6 95. Kf4 Bf7 96. Ke3 Kd7 97. Kd3 Bg6+ 98. Kc3 Bf5 99. Bf1 Kc7 100. Bg2 Bg6 101. Kb4 Be8 102. Bf3 Bd7 103. Bh5 Bc8 104. Kc5 Bd7 105. Be2 Bc8 106. Bf1 Bd7 107. Ba6 Be8 108. Kc4 Bg6 109. Kc3 Bf5 110. Bf1 Bg6 111. Bg2 Be8 112. Bf3 Bd7 113. Kd3 Be8 114. Bg4 Bd7 115. Ke3 Kd8 116. Kf4 Ke7 117. Kg3 Be8 118. Kh4 Bg6 119. Bh5 Bf7 120. Be2 Bg6 121. Ba6 Kd7 122. Kg4 Be8 123. Bd3 Ke7 124. Be4 Kf8 125. h4 Ke7 126. Kf4 Kd7 127. Ke3 Ke7 128. Kd3 Kd7 129. Kc4 Kc7 130. Kc5 Bd7 131. Bg6 Bc8 132. Be8 Bd7 133. Bh5 Bc8 134. Bd1 Bd7 135. Ba4 Be8 136. d5 exd5 137. e6 d4 138. Bc2 Bh5 139. Bf5 Be8 140. Be4 Bh5 141. Bf5 Be8 142. Bh7 Bh5 143. Bg8 d3 144. Bf7 Bxf7 145. exf7 d2 146. f8Q d1Q 147. Qg7+ Qd7 148. Qe5+ Kb7 149. Qb2+ Kc7 150. Qe5+ Kb7 151. Qb2+ 1/2-1/2

[Event "Senta Fantastico GM 02"]
[Site "Senta"]
[Date "2025.02.17"]
[Round "3"]
[White "Akhmedov, David"]
[Black "Itgelt, Khuyagtsogt"]
[Result "1/2-1/2"]
[WhiteElo "2368"]
[BlackElo "2416"]
[PlyCount "77"]
[EventDate "2025.02.16"]
[EventType "tourn"]
[EventRounds "9"]
[EventCountry "SRB"]
[EventCategory "6"]
[SourceTitle "CB09_2025"]
[SourceDate "2025.02.27"]
[SourceVersion "1"]
[SourceVersionDate "2025.02.27"]
[SourceQuality "1"]

1. c4 c6 2. d4 d5 3. Nf3 Nf6 4. Nc3 e6 5. g3 dxc4 6. Bg2 Nbd7 7. a4 Bb4 8. 0-0 0-0 9. Qc2 a5 10. Na2 Bd6 11. Qxc4 e5 12. Rd1 Qe7 13. Nc3 Bb4 14. e4 exd4 15. Nxd4 Ne5 16. Qe2 Bg4 17. f3 Be6 18. Nxe6 fxe6 19. Kh1 Rad8 20. Bg5 Nf7 21. Be3 Bc5 22. Bh3 Bxe3 23. Qxe3 e5 24. Qb6 Ng5 25. Kg2 Rxd1 26. Rxd1 Qf7 27. Rd8 Nd7 28. Rxf8+ Nxf8 29. Bg4 h5 30. Bf5 g6 31. h4 Nxf3 32. Kxf3 gxf5 33. Qxa5 fxe4+ 34. Kxe4 Qg6+ 35. Kf3 Qd3+ 36. Kf2 Qd2+ 37. Kf3 Qd3+ 38. Kg2 Qd2+ 39. Kf3 1/2-1/2

[Event "Senta Fantastico GM Mix 02"]
[Site "Senta"]
[Date "2025.02.14"]
[Round "6"]
[White "Glek, Igor Vladimirovich"]
[Black "Itgelt, Khuyagtsogt"]
[Result "1/2-1/2"]
[WhiteElo "2423"]
[BlackElo "2416"]
[PlyCount "29"]
[EventDate "2025.02.11"]
[EventType "swiss"]
[EventRounds "9"]
[EventCountry "SRB"]
[SourceTitle "CB09_2025"]
[SourceDate "2025.02.27"]
[SourceVersion "1"]
[SourceVersionDate "2025.02.27"]
[SourceQuality "1"]

1. e4 e5 2. Nf3 Nc6 3. Bb5 a6 4. Ba4 Nf6 5. Nc3 b5 6. Bb3 Bc5 7. a4 Rb8 8. axb5 axb5 9. d3 0-0 10. Nd5 Nxd5 11. Bxd5 Qe8 12. Be3 d6 13. 0-0 Ne7 14. Bb3 Nc6 15. Bd5 1/2-1/2

[Event "Senta Fantastico GM Mix 02"]
[Site "Senta"]
[Date "2025.02.14"]
[Round "7"]
[White "Itgelt, Khuyagtsogt"]
[Black "Stanojevic, Ilija"]
[Result "1/2-1/2"]
[WhiteElo "2416"]
[BlackElo "2186"]
[PlyCount "92"]
[EventDate "2025.02.11"]
[EventType "swiss"]
[EventRounds "9"]
[EventCountry "SRB"]
[SourceTitle "CB09_2025"]
[SourceDate "2025.02.27"]
[SourceVersion "1"]
[SourceVersionDate "2025.02.27"]
[SourceQuality "1"]

1. d4 Nf6 2. Bf4 d6 3. Nc3 Nbd7 4. Nf3 c5 5. d5 Qa5 6. Bd2 b5 7. a3 a6 8. e4 Qc7 9. Bd3 g6 10. 0-0 c4 11. Be2 Nc5 12. Bg5 Bg7 13. Nd2 0-0 14. f4 e6 15. Kh1 exd5 16. Bxf6 Bxf6 17. Nxd5 Qd8 18. c3 Bb7 19. Qc2 Re8 20. Bf3 Bxd5 21. exd5 Ra7 22. Ne4 Nxe4 23. Bxe4 Rae7 24. Bf3 Qb6 25. Qd2 a5 26. Rae1 Kg7 27. g3 Re3 28. Rxe3 Rxe3 29. Qf2 b4 30. axb4 axb4 31. f5 bxc3 32. bxc3 Bxc3 33. fxg6 hxg6 34. Be2 f5 35. g4 Qd4 36. gxf5 Qxd5+ 37. Bf3 Rxf3 38. Qxf3 Qxf3+ 39. Rxf3 Bd2 40. fxg6 c3 41. Rf7+ Kxg6 42. Rd7 c2 43. Rxd6+ Kf5 44. Rd5+ Ke4 45. Rc5 Kd3 46. Rxc2 Kxc2 1/2-1/2

[Event "Senta Fantastico GM Mix 02"]
[Site "Senta"]
[Date "2025.02.12"]
[Round "3"]
[White "Itgelt, Khuyagtsogt"]
[Black "Bryakin, Mikhail"]
[Result "1/2-1/2"]
[WhiteElo "2416"]
[BlackElo "2427"]
[PlyCount "32"]
[EventDate "2025.02.11"]
[EventType "swiss"]
[EventRounds "9"]
[EventCountry "SRB"]
[SourceTitle "CB09_2025"]
[SourceDate "2025.02.27"]
[SourceVersion "1"]
[SourceVersionDate "2025.02.27"]
[SourceQuality "1"]

1. d4 Nf6 2. c4 e6 3. g3 d5 4. Bg2 Bb4+ 5. Nd2 0-0 6. Ngf3 b6 7. 0-0 Bb7 8. a3 Be7 9. cxd5 Nxd5 10. e4 Nf6 11. Qc2 h6 12. Rd1 Nbd7 13. b3 c5 14. e5 Nd5 15. dxc5 Rc8 16. Bb2 Nxc5 1/2-1/2

[Event "Senta Fantastico GM Mix 02"]
[Site "Senta"]
[Date "2025.02.12"]
[Round "2"]
[White "Lajthajm, Borko"]
[Black "Itgelt, Khuyagtsogt"]
[Result "1/2-1/2"]
[WhiteElo "2330"]
[BlackElo "2416"]
[PlyCount "62"]
[EventDate "2025.02.11"]
[EventType "swiss"]
[EventRounds "9"]
[EventCountry "SRB"]
[SourceTitle "CB09_2025"]
[SourceDate "2025.02.27"]
[SourceVersion "1"]
[SourceVersionDate "2025.02.27"]
[SourceQuality "1"]

1. d4 Nf6 2. c4 g6 3. Nc3 d5 4. Bg5 Bg7 5. Bxf6 Bxf6 6. cxd5 c6 7. e3 cxd5 8. Qb3 e6 9. Nf3 0-0 10. h4 h5 11. Bd3 Nc6 12. Rc1 Rb8 13. Kf1 Kg7 14. a3 b5 15. Qc2 Bd7 16. Bxb5 Nb4 17. axb4 Bxb5+ 18. Nxb5 Rxb5 19. g3 Rxb4 20. Ne1 Rc4 21. Qb1 Rxc1 22. Qxc1 Qb8 23. Nd3 Rc8 24. Qd2 e5 25. dxe5 Bxe5 26. Kg2 Bf6 27. Ra1 Qb7 28. Qe2 Rc6 29. Ra5 Rb6 30. Qf3 Bxb2 31. Nxb2 Rxb2 1/2-1/2